Criteria for low-speed longitudinal handling qualities of transport aircraft with closed-loop flight control systems / (Record no. 594195)
[ view plain ]
| 000 -LEADER | |
|---|---|
| fixed length control field | 01120pam a2200277 a 4500 |
| 001 - CONTROL NUMBER | |
| control field | 3787695 |
| 005 - DATE AND TIME OF LATEST TRANSACTION | |
| control field | 20230324091311.0 |
| 008 - FIXED-LENGTH DATA ELEMENTS--GENERAL INFORMATION | |
| fixed length control field | 841023s1985 ne a b f000 0 eng |
| 010 ## - LIBRARY OF CONGRESS CONTROL NUMBER | |
| LC control number | 84022710 |
| 020 ## - INTERNATIONAL STANDARD BOOK NUMBER | |
| International Standard Book Number | 9024730988 |
| 040 ## - CATALOGING SOURCE | |
| Original cataloging agency | DLC |
| Transcribing agency | DLC |
| Modifying agency | DLC |
| 050 00 - LIBRARY OF CONGRESS CALL NUMBER | |
| Classification number | TL671.4 |
| Item number | .M66 1985 |
| 082 00 - DEWEY DECIMAL CLASSIFICATION NUMBER | |
| Classification number | 629.2 |
| Edition number | 19 |
| Author Mark | MOO |
| 100 1# - MAIN ENTRY--PERSONAL NAME | |
| Personal name | Mooij, H. A. |
| 9 (RLIN) | 111263 |
| 245 10 - TITLE STATEMENT | |
| Title | Criteria for low-speed longitudinal handling qualities of transport aircraft with closed-loop flight control systems / |
| Statement of responsibility, etc. | H.A. Mooij. |
| 260 ## - PUBLICATION, DISTRIBUTION, ETC. | |
| Place of publication, distribution, etc. | Dordrecht ; |
| -- | Boston : |
| Name of publisher, distributor, etc. | M. Nijhoff for Nationaal Lucht- en Ruimtevaartlaboratorium, National Aerospace Laboratory, NLR, The Netherlands, |
| Date of publication, distribution, etc. | 1985. |
| 300 ## - PHYSICAL DESCRIPTION | |
| Extent | ix, 152 p. : |
| Other physical details | ill. ; |
| Dimensions | 27 cm. |
| 504 ## - BIBLIOGRAPHY, ETC. NOTE | |
| Bibliography, etc. note | Includes bibliographies. |
| 650 #0 - SUBJECT ADDED ENTRY--TOPICAL TERM | |
| Topical term or geographic name entry element | Airplanes |
| General subdivision | Handling characteristics. |
| 9 (RLIN) | 111116 |
| 650 #0 - SUBJECT ADDED ENTRY--TOPICAL TERM | |
| Topical term or geographic name entry element | Airplanes |
| General subdivision | Control systems. |
| 9 (RLIN) | 55648 |
| 650 #0 - SUBJECT ADDED ENTRY--TOPICAL TERM | |
| Topical term or geographic name entry element | Stability of airplanes, Longitudinal. |
| 9 (RLIN) | 111264 |
| 650 #0 - SUBJECT ADDED ENTRY--TOPICAL TERM | |
| Topical term or geographic name entry element | Transport planes. |
| 9 (RLIN) | 111265 |
| 710 2# - ADDED ENTRY--CORPORATE NAME | |
| Corporate name or jurisdiction name as entry element | Nationaal Lucht- en Ruimtevaartlaboratorium (Netherlands) |
| 9 (RLIN) | 111266 |
| 906 ## - LOCAL DATA ELEMENT F, LDF (RLIN) | |
| a | 7 |
| b | cbc |
| c | orignew |
| d | 1 |
| e | ocip |
| f | 19 |
| g | y-gencatlg |
| 942 ## - ADDED ENTRY ELEMENTS (KOHA) | |
| Source of classification or shelving scheme | |
| Koha item type | Book |
| Withdrawn status | Lost status | Source of classification or shelving scheme | Damaged status | Not for loan | Permanent Location | Current Location | Shelving location | Date acquired | Full call number | Barcode | Date last seen | Price effective from | Koha item type |
|---|---|---|---|---|---|---|---|---|---|---|---|---|---|
| School of Mechanical & Manufacturing Engineering (SMME) | School of Mechanical & Manufacturing Engineering (SMME) | Aerospace Engineering | 03/24/2023 | 629.2 MOO | SMME-3973 | 03/24/2023 | 03/24/2023 | Book |
